Institutional accreditation by NAAC: scores and stars (Record no. 49965)

000 -LEADER
fixed length control field 00395pab a2200157 454500
008 - FIXED-LENGTH DATA ELEMENTS--GENERAL INFORMATION
fixed length control field 180718b2001 xxu||||| |||| 00| 0 eng d
100 ## - MAIN ENTRY--PERSONAL NAME
Personal name Stella, Antony
245 ## - TITLE STATEMENT
Title Institutional accreditation by NAAC: scores and stars
260 ## - PUBLICATION, DISTRIBUTION, ETC.
Date of publication, distribution, etc. 2001
300 ## - PHYSICAL DESCRIPTION
Extent p.50-59
362 ## - DATES OF PUBLICATION AND/OR SEQUENTIAL DESIGNATION
Dates of publication and/or sequential designation 3 Sep
650 ## - SUBJECT ADDED ENTRY--TOPICAL TERM
Topical term or geographic name entry element Educational assessment
700 ## - ADDED ENTRY--PERSONAL NAME
Personal name Gnanam, A.
773 ## - HOST ITEM ENTRY
Main entry heading University News
909 ## -
-- 49965
Holdings
Withdrawn status Lost status Damaged status Not for loan Permanent Location Current Location Date acquired Serial Enumeration / chronology Barcode Date last seen Price effective from Koha item type
        Indian Institute of Public Administration Indian Institute of Public Administration 2018-07-19 Volume no: 39, Issue no: 36 AR50393 2018-07-19 2018-07-19 Articles

Powered by Koha